Intellectuals at the crossroads: The Indian situation (Record no. 24920)
[ view plain ]
| 000 -LEADER | |
|---|---|
| fixed length control field | 00296nam a2200109Ia 4500 |
| 082 ## - DEWEY DECIMAL CLASSIFICATION NUMBER | |
| Classification number | 165.63 |
| Item number | JHA |
| 100 ## - MAIN ENTRY--AUTHOR NAME | |
| Personal name | Akhileshwar Jha |
| 245 #0 - TITLE STATEMENT | |
| Title | Intellectuals at the crossroads: The Indian situation |
| 260 ## - PUBLICATION, DISTRIBUTION, ETC. (IMPRINT) | |
| Place of publication | New Delhi |
| Name of publisher | Vikas |
| Year of publication | 1977 |
| 942 ## - ADDED ENTRY ELEMENTS (KOHA) | |
| Koha item type | Books |
| Withdrawn status | Lost status | Damaged status | Not for loan | Home library | Current library | Date acquired | Cost, normal purchase price | Full call number | Accession Number | Koha item type |
|---|---|---|---|---|---|---|---|---|---|---|
| RRII Library | RRII Library | 16/12/2021 | 36.00 | 165.63 JHA | 05586 | Books |